Spolecznosci zakladowe Zjawiska i procesy skupiajace i rozbijajace zaloge zakladu pracy

Salvato in:
Dettagli Bibliografici
Autore principale: Januszek, Henryk
Natura: Libro
Lingua:polacco
Pubblicazione: Poznan Akademia Ekonomiczna w Poznaniu 1992
Edizione:1. wyd.
Serie:Zeszyty naukowe Zeszyt 124
Soggetti:
Tags: Aggiungi Tag
Nessun Tag, puoi essere il primo ad aggiungerne!!

MARC

LEADER 00000nam a2200000 4500
001 c013129
005 20250509102717.8
041 0 |a pol 
044 |a PL 
245 1 0 |a Spolecznosci zakladowe  |b Zjawiska i procesy skupiajace i rozbijajace zaloge zakladu pracy  |c Henryk Januszek 
250 |a 1. wyd. 
264 1 |a Poznan  |b Akademia Ekonomiczna w Poznaniu  |c 1992 
300 |a 167 s. 
490 1 |a Zeszyty naukowe  |v Zeszyt 124 
830 0 |a Zeszyty naukowe  |v Zeszyt 124 
610 2 0 |a personál 
610 2 0 |a podnik 
610 2 0 |a pracovníci 
610 2 0 |a kolektív pracovný 
610 2 0 |a oceňovanie 
610 2 0 |a kontrola 
610 2 0 |a práca 
610 2 0 |a kvalifikácia 
610 2 0 |a skupiny pracovné 
610 2 0 |a bezpečnosť práce 
100 1 |a Januszek, Henryk